Principles of modern chemistry / (Record no. 22497)

MARC details
000 -LEADER
fixed length control field 01565cam a22003975i 4500
001 - CONTROL NUMBER
control field 18329130
003 - CONTROL NUMBER IDENTIFIER
control field EG-ScBUE
005 - DATE AND TIME OF LATEST TRANSACTION
control field 20250702084833.0
008 - FIXED-LENGTH DATA ELEMENTS--GENERAL INFORMATION
fixed length control field 141008t2016 maua f 001 0 eng d
020 ## - INTERNATIONAL STANDARD BOOK NUMBER
International Standard Book Number 9781305079113
020 ## - INTERNATIONAL STANDARD BOOK NUMBER
International Standard Book Number 1305079116
040 ## - CATALOGING SOURCE
Original cataloging agency EG-ScBUE
Language of cataloging eng
Description conventions rda
Transcribing agency EG-ScBUE
Modifying agency EG-ScBUE
082 04 - DEWEY DECIMAL CLASSIFICATION NUMBER
Classification number 540
Item number OXT
Edition number 22
100 1# - MAIN ENTRY--PERSONAL NAME
Personal name Oxtoby, David W.,
9 (RLIN) 41410
Relator term author.
245 10 - TITLE STATEMENT
Title Principles of modern chemistry /
Statement of responsibility, etc David W. Oxtoby, Pomona College, H. P. Gillis, University of California-Los Angeles, Laurie J. Butler, The University of Chicago.
246 30 - VARYING FORM OF TITLE
Title proper/short title Chemistry
250 ## - EDITION STATEMENT
Edition statement Eighth edition.
264 #1 - PUBLICATION, DISTRIBUTION, ETC. (IMPRINT)
Place of publication, distribution, etc Boston, Massachusetts :
Name of publisher, distributor, etc Cengage Learning,
Date of publication, distribution, etc [2016]
264 #4 - PUBLICATION, DISTRIBUTION, ETC. (IMPRINT)
Date of publication, distribution, etc c2016
300 ## - PHYSICAL DESCRIPTION
Extent 1 volume (various pagings) :
Other physical details illustrations (some color) ;
Dimensions 29 cm
336 ## - CONTENT TYPE
Source rdacontent
Content type term text
Content type code txt
337 ## - MEDIA TYPE
Media type term unmediated
Source rdamedia
Media type code n
338 ## - CARRIER TYPE
Carrier type term volume
Carrier type code nc
Source rdacarrier
500 ## - GENERAL NOTE
General note Includes index.
500 ## - GENERAL NOTE
General note Includes glossary.<br/>
500 ## - GENERAL NOTE
General note Includes Appendices.<br/>
650 #7 - SUBJECT ADDED ENTRY--TOPICAL TERM
Topical term or geographic name as entry element Chemistry
Form subdivision Textbooks.
Source of heading or term BUEsh
653 ## - INDEX TERM--UNCONTROLLED
Resource For college Engineering, General
Arrived date list October2016
655 ## - INDEX TERM--GENRE/FORM
Form subdivision Reading book
9 (RLIN) 34232
700 1# - ADDED ENTRY--PERSONAL NAME
Personal name Gillis, H. P.,
9 (RLIN) 41411
Relator term author.
700 1# - ADDED ENTRY--PERSONAL NAME
Personal name Campion, Alan,
9 (RLIN) 41412
Relator term author.
856 42 - ELECTRONIC LOCATION AND ACCESS
Materials specified Contributor biographical information
Uniform Resource Identifier <a href="http://www.loc.gov/catdir/enhancements/fy1608/2014953673-b.html">http://www.loc.gov/catdir/enhancements/fy1608/2014953673-b.html</a>
856 42 - ELECTRONIC LOCATION AND ACCESS
Materials specified Publisher description
Uniform Resource Identifier <a href="http://www.loc.gov/catdir/enhancements/fy1608/2014953673-d.html">http://www.loc.gov/catdir/enhancements/fy1608/2014953673-d.html</a>
856 41 - ELECTRONIC LOCATION AND ACCESS
Materials specified Table of contents only
Uniform Resource Identifier <a href="http://www.loc.gov/catdir/enhancements/fy1608/2014953673-t.html">http://www.loc.gov/catdir/enhancements/fy1608/2014953673-t.html</a>
942 ## - ADDED ENTRY ELEMENTS (KOHA)
Source of classification or shelving scheme Dewey Decimal Classification
Koha item type Book - Borrowing
Holdings
Withdrawn status Lost status Source of classification or shelving scheme Damaged status Not for loan Collection code Home library Current library Shelving location Date acquired Source of acquisition Cost, normal purchase price Total Checkouts Full call number Barcode Date last seen Koha item type
    Dewey Decimal Classification     Baccah Central Library Central Library First floor 10/10/2016 Purchase 3400.00   540 OXT 000033925 15/07/2025 Book - Borrowing